000 00453nam a2200157Ia 4500
008 240729s9999 xx 000 0 und d
022 _a2521-3512
245 0 _aIraqi Journal of Pharmaceutical Sciences
260 _aIraq
260 _bCollege of Pharmacy University of Baghdad
650 _a Pharmacy and materia medica
650 _aMedicine
856 _uhttps://doaj.org/toc/fdc4fae95fc74628a80dddab6cdfbbd0
942 _2ddc
942 _cDOAJEJ
999 _c69667
_d69667
945 _a1
_bMadushi Gamage
_c1
_dMadushi Gamage